|
|
|
|
| LEADER |
00000cam a2200000 7i4500 |
| 001 |
0000000085 |
| 005 |
20000629.0 |
| 020 |
0 |
0 |
|a 0070633495
|
| 090 |
0 |
0 |
|a 658.4038
|b BLU 1998
|
| 245 |
0 |
0 |
|a BLUEPRINT to the digital economy :
|b Creating wealth in the era of e-business
|c edited by Don Tapscott, Alex Lowy and David Ticoll; associate editor Nathalie Klym
|
| 260 |
0 |
0 |
|a New York, USA :
|b McGraw-Hill ,
|c 1998
|
| 300 |
|
|
|a xxi, 410 p. ;
|c 24 cm.
|
| 500 |
0 |
0 |
|a Includes index
|
| 650 |
0 |
0 |
|a Electronic commerce
|
| 650 |
0 |
0 |
|a Information technology
|x Economic aspects
|
| 650 |
0 |
0 |
|a Telecommunication
|x Technological innovations
|
| 700 |
0 |
1 |
|a Klym
|h Nathalie
|
| 700 |
0 |
1 |
|a Lowy
|h Alex
|
| 700 |
0 |
1 |
|a TAPSCOTT
|h Don
|
| 700 |
0 |
1 |
|a Ticoll
|h David
|
| 999 |
|
|
|a 0000001075
|b Monograph
|c Open Shelf
|e Default branch
|